| 000 | 00952nam a2200277 i 4500 | ||
|---|---|---|---|
| 001 | bg | ||
| 003 | BPK | ||
| 005 | 20221007142020.0 | ||
| 008 | 040519s1976 pl a |001 0 pol | ||
| 015 | _aPB 1976/7396 | ||
| 040 | _cBPK | ||
| 041 | 0 | _apol | |
| 080 | _a519:167 | ||
| 080 | _a 001.891.5 | ||
| 100 | 1 |
_aMańczak, Kazimierz _d(1932-2022) _eAutor |
|
| 245 | 1 | 0 |
_aTechnika planowania eksperymentu / _cKazimierz Mańczak. |
| 260 |
_aWarszawa : _bWydawnictwa Naukowo-Techniczne, _c1976. |
||
| 300 |
_a277, [2] s. : _bil., tab., wykr. ; _c21 cm. |
||
| 504 | _aBibliogr. s. 270-272. Indeks. | ||
| 546 | _aSpis treści również ang., ros. | ||
| 650 | 4 |
_aEksperyment _xplanowanie. |
|
| 650 | 4 |
_aStatystyka matematyczna _xstosowanie. |
|
| 710 | 2 |
_aWydawnictwa Naukowo-Techniczne _4pbl. |
|
| 856 |
_uhttp://koha.tu.koszalin.pl/cgi-bin/koha/opac-detail.pl?biblionumber=27499 _yKatalog online BPK |
||
| 942 |
_2UKD _cKS |
||
| 999 |
_c27499 _d27499 |
||